000 01165nam a22003377a 4500
003 CHAP
005 20220329143715.0
008 110317s1964 mx a r 00010 spa d
010 _a100670
011 _a101642
035 _a112330
040 _cCHAP
082 0 4 _a581.6340972
_bM43
100 1 _aMatzayani Luna, Xochitl
_973126
245 1 0 _aPlantas medicinales Mexicanas
_c/por Xochitl Matzayani Luna
260 _aMéxico, D.F. :
_bInstituto Federal de Capacitación del Magisterio,
_c1964
300 _a139 p. :
_bilus.
490 0 _aTécnica y ciencia
_v; 23
590 _aBATCH-UPD
_b10
_c20130110
_lUCH01
_h0905
590 _aBATCH-UPD
_b10
_c20130410
_lUCH01
_h0532
590 _aBATCH-UPD
_b10
_c20130914
_lUCH01
_h0743
590 _aCONVERSION
_b10
_c20130109
_lUCH01
_h1355
650 1 4 _aBotánica médica.
_914680
650 1 4 _aIndios de México
_xMedicina.
_957633
650 1 4 _aMedicina tradicional.
_973921
710 2 _aInstituto Federal de Capacitación del Magisterio.
_959188
830 0 _aTécnica y ciencia
_v; 23
_9113530
901 _aBK
942 _cLIBRO
949 _a581.6340972 M43
_bBC
_cLIBRO
_d33724002232347
_eLIBRO
_h114425
_i112330
_st
999 _c100670
_d100670